15 Polskich youtuberów z największą ilością subskrybcji - Statystyki

Ogólne statystyki
  • Ten quiz został rozwiązany 93 razy
  • Średni wynik to 5 z 15
Statystyki odpowiedzi
suby Youtyberzy % Poprawnych
4.87M Blowek
93%
4.26M Stuu
67%
4.71M Karol Friz Wiśniewski
65%
4.48M reZigiusz
65%
2.65M IsAmU
31%
3.37M Naruciak
26%
3.39M AbstrachujeTV
21%
3.27M SBM Label
19%
2.73M Planeta Faktów
15%
3.75M Step Records
15%
2.39M Kaluch
13%
2.5M Vito Minecraft
12%
2.39M QueQuality
9%
6.51M Bazylland - Tractors & Excavators
8%
2.56M DISCO MAREK
8%
Nie znaleziono quizów pasujących do podanych kryteriów
Rozkład punktacji
Procent ludzi z każdym wynikiem
Percentyl według liczby udzielonych odpowiedzi
Twoja historia wyników
Nie rozwiązałeś tego quizu